[Event "DEM U12/U12w 2010"]
[Site "Oberhof GER"]
[Date "2010.05.24"]
[Round "4"]
[White "Mager, Denis"]
[Black "Müller, Constantin"]
[Result "0-1"]
[Termination "normal"]
[Board "1"]
[WhiteElo "1538"]
[BlackElo "1861"]
[PlyCount "72"]
[WhiteFideId "24691127"]
[BlackFideId "24697630"]
[EventCountry "GER"]
[EventRounds "11"]
[EventType "swiss"]
[EventDate "2010.05.22"]

1. Nf3 d5 2. d4 Nf6 3. c4 c6 4. Nc3 a6 5. c5 Nbd7 6. Bf4 Nh5 7. Bd2 g6 8. e4
dxe4 9. Nxe4 Nhf6 10. Bd3 Nxe4 11. Bxe4 Nf6 12. Bc2 Bg4 13. Be3 Qd5 14. Bb3
Bxf3 15. gxf3 Qh5 16. Qe2 Bg7 17. O-O-O O-O 18. Rdg1 Qf5 19. Rg5 Qd7 20. Bc2
Nd5 21. h4 Nxe3 22. fxe3 Bh6 23. Rg4 f5 24. Rg3 Qxd4 25. f4 Qf6 26. h5 g5 27.
Rhg1 g4 28. Qd3 Rad8 29. Bb3+ Kh8 30. Qc4 Bg7 31. R1g2 Qh4 32. Qe6 Qxh5 33.
Qxe7 Rfe8 34. Qxb7 Rxe3 35. Qb4 Rxg3 36. Rxg3 Qh1+ 0-1

[Event "DEM U12/U12w 2010"]
[Site "Oberhof GER"]
[Date "2010.05.24"]
[Round "4"]
[White "Hirschmann, Jakob"]
[Black "Keller, Peter"]
[Result "0-1"]
[Termination "normal"]
[Board "2"]
[WhiteElo "1770"]
[BlackElo "1798"]
[PlyCount "44"]
[WhiteFideId "24652067"]
[BlackFideId "1272105"]
[EventCountry "GER"]
[EventRounds "11"]
[EventType "swiss"]
[EventDate "2010.05.22"]

1. e4 e5 2. Nf3 Nc6 3. Bc4 Nf6 4. d3 Be7 5. O-O O-O 6. Re1 d6 7. c3 Kh8 8. Nbd2
Ng8 9. Nf1 f5 10. exf5 Bxf5 11. Ne3 Bg6 12. h3 Bh5 13. g4 Bg6 14. Nd5 Bf6 15.
Nxf6 Qxf6 16. Kg2 e4 17. dxe4 Ne5 18. Nxe5 Qxf2+ 19. Kh1 dxe5 20. Qe2 Qg3 21.
Qe3 Bxe4+ 22. Qxe4 Rf2 0-1

[Event "DEM U12/U12w 2010"]
[Site "Oberhof GER"]
[Date "2010.05.24"]
[Round "4"]
[White "Schröder, Jan-Christian"]
[Black "Bluhm, Sonja Maria"]
[Result "1/2-1/2"]
[Termination "normal"]
[Board "3"]
[WhiteElo "1965"]
[BlackElo "1709"]
[PlyCount "51"]
[WhiteFideId "24662259"]
[BlackFideId "24654027"]
[EventCountry "GER"]
[EventRounds "11"]
[EventType "swiss"]
[EventDate "2010.05.22"]

1. e4 e5 2. Nf3 Nc6 3. Bb5 a6 4. Ba4 Nf6 5. O-O b5 6. Bb3 Be7 7. Re1 O-O 8. d4
d6 9. c3 Bg4 10. d5 Na5 11. Bc2 c6 12. h3 Bc8 13. dxc6 Qc7 14. Nbd2 Qxc6 15.
Nf1 Be6 16. Ng3 Nc4 17. a4 Qc7 18. Nh4 Rfc8 19. Nhf5 Bf8 20. Qf3 Ne8 21. Qd3 g6
22. axb5 axb5 23. Rxa8 Rxa8 24. b3 Na5 25. Nh6+ Kh8 26. Qf3 1/2-1/2

[Event "DEM U12/U12w 2010"]
[Site "Oberhof GER"]
[Date "2010.05.24"]
[Round "4"]
[White "Rempe, Moritz"]
[Black "Sawlin, Leonid"]
[Result "0-1"]
[Termination "normal"]
[Board "4"]
[WhiteElo "1631"]
[BlackElo "1865"]
[PlyCount "58"]
[WhiteFideId "12906867"]
[BlackFideId "4689542"]
[EventCountry "GER"]
[EventRounds "11"]
[EventType "swiss"]
[EventDate "2010.05.22"]

1. e4 e6 2. d4 d5 3. exd5 exd5 4. Nf3 Bd6 5. c4 dxc4 6. Bxc4 Nf6 7. O-O O-O 8.
Nc3 Bg4 9. h3 Bh5 10. g4 Bg6 11. Be3 Nbd7 12. Nh2 Re8 13. Re1 Ne4 14. f4 Nxc3
15. bxc3 Qh4 16. Bf2 Qxh3 17. Qd2 Be4 18. Bf1 Qh6 19. g5 Qg6 20. c4 c6 21. Be3
h6 22. c5 Bc7 23. Bg2 hxg5 24. fxg5 Qh5 25. Bf4 Bxf4 26. Qxf4 Bxg2 27. Kxg2
Re2+ 28. Kg1 Rae8 29. Kf1 Qh3+ 0-1

[Event "DEM U12/U12w 2010"]
[Site "Oberhof GER"]
[Date "2010.05.24"]
[Round "4"]
[White "Xiong, Ferdinand"]
[Black "Bentel, Robin"]
[Result "1-0"]
[Termination "normal"]
[Board "5"]
[WhiteElo "1901"]
[BlackElo "1642"]
[PlyCount "67"]
[WhiteFideId "24654132"]
[BlackFideId "12918016"]
[EventCountry "GER"]
[EventRounds "11"]
[EventType "swiss"]
[EventDate "2010.05.22"]

1. e4 Nf6 2. e5 Nd5 3. c4 Nb6 4. d4 d6 5. exd6 exd6 6. Bd3 Be7 7. Be3 Nc6 8.
Nd2 O-O 9. h3 Re8 10. Ngf3 Bg5 11. Qe2 Bxe3 12. fxe3 Qe7 13. e4 Qf6 14. Qf2 Bd7
15. O-O Qh6 16. Rac1 Re7 17. b3 Rae8 18. Rfe1 a5 19. Nf1 a4 20. Ng3 Nb4 21. Bb1
axb3 22. axb3 Ra8 23. e5 d5 24. Nh2 Ra1 25. Bxh7+ Qxh7 26. Rxa1 Nd3 27. Qf1
Nxe1 28. Rxe1 Qc2 29. c5 Nc8 30. Re3 Re8 31. Rf3 Rf8 32. Nh5 Na7 33. Nf6+ gxf6
34. Rg3+ 1-0

[Event "DEM U12/U12w 2010"]
[Site "Oberhof GER"]
[Date "2010.05.24"]
[Round "4"]
[White "Flüchter, Gregor"]
[Black "Grigorian, Spartak"]
[Result "1/2-1/2"]
[Termination "normal"]
[Board "6"]
[WhiteElo "1721"]
[BlackElo "1800"]
[PlyCount "116"]
[WhiteFideId "12903396"]
[BlackFideId "24661490"]
[EventCountry "GER"]
[EventRounds "11"]
[EventType "swiss"]
[EventDate "2010.05.22"]

1. e4 c5 2. Nf3 d6 3. c3 Nf6 4. Be2 Nc6 5. d3 g6 6. O-O Bg7 7. h3 O-O 8. Be3 a6
9. Nbd2 b5 10. d4 cxd4 11. cxd4 Nd7 12. a4 Rb8 13. axb5 axb5 14. Qc2 Qb6 15.
Nb3 e5 16. Rad1 Qb7 17. dxe5 dxe5 18. Nc5 Nxc5 19. Bxc5 Re8 20. Rc1 Be6 21. Ng5
Nd4 22. Bxd4 exd4 23. Nxe6 fxe6 24. Qd3 Qb6 25. Rc2 Bh6 26. Rd1 e5 27. Qb3+ Kh8
28. Qd5 Qe6 29. Rc5 Bf8 30. Rxb5 Qxd5 31. Rxd5 Rxb2 32. Bd3 Bh6 33. Rc5 Kg7 34.
h4 Reb8 35. Rc7+ Kh8 36. Rc2 Rxc2 37. Bxc2 Rb2 38. Bd3 Rd2 39. Rxd2 Bxd2 40.
Kf1 h5 41. Ke2 Bh6 42. Bc4 Kg7 43. Kd3 Kf6 44. Ke2 g5 45. g3 Bf8 46. hxg5+ Kxg5
47. Kf3 Ba3 48. Bd3 Bc1 49. Bc4 h4 50. gxh4+ Kxh4 51. Bf1 Bh6 52. Bd3 Kh3 53.
Bc4 Kh2 54. Ke2 Kg2 55. Kd3 Kf3 56. Bb5 Kxf2 57. Bc4 Bc1 58. Bb5 Kf3 1/2-1/2

[Event "DEM U12/U12w 2010"]
[Site "Oberhof GER"]
[Date "2010.05.24"]
[Round "4"]
[White "Bach, Jannik"]
[Black "Bauer, Björn-Benny"]
[Result "1-0"]
[Termination "normal"]
[Board "7"]
[WhiteElo "1680"]
[BlackElo "1821"]
[PlyCount "117"]
[WhiteFideId "24615900"]
[BlackFideId "24698741"]
[EventCountry "GER"]
[EventRounds "11"]
[EventType "swiss"]
[EventDate "2010.05.22"]

1. e4 c5 2. Nf3 Nc6 3. d4 cxd4 4. Nxd4 Nf6 5. Nc3 e5 6. Ndb5 d6 7. Bg5 a6 8.
Na3 b5 9. Nd5 Be7 10. Bxf6 Bxf6 11. c4 Nd4 12. cxb5 Be6 13. Bc4 O-O 14. O-O
axb5 15. Nxb5 Bxd5 16. exd5 Rc8 17. Nxd4 exd4 18. Qd3 Qb6 19. b3 Rfe8 20. Rae1
Qa5 21. Rxe8+ Rxe8 22. a4 g6 23. g3 Kg7 24. Rc1 Qc5 25. Rc2 Re5 26. Kg2 Re1 27.
Qd2 Rb1 28. Rc1 Rxc1 29. Qxc1 Bd8 30. Qd2 Ba5 31. Qd3 Bc3 32. Qe4 Qc7 33. Qe8
Qc5 34. Qc6 Bb4 35. Qb5 Kf6 36. Kf3 g5 37. Qxc5 Bxc5 38. a5 h5 39. h3 Ke5 40.
a6 f5 41. Ke2 g4 42. h4 f4 43. Kd3 Kf5 44. b4 Ba7 45. Bb5 fxg3 46. fxg3 Kg6 47.
Be8+ Kh6 48. Ke4 Bb6 49. Bf7 Ba7 50. Be6 Kg6 51. Bd7 Bb6 52. Be8+ Kh6 53. Kf5
d3 54. Ke6 d2 55. Ba4 Bf2 56. Bd1 Kg6 57. Be2 Kh6 58. Kd7 Kg7 59. Kc7 1-0

[Event "DEM U12/U12w 2010"]
[Site "Oberhof GER"]
[Date "2010.05.24"]
[Round "4"]
[White "Richter, Leonard"]
[Black "Perske, Thore"]
[Result "0-1"]
[Termination "normal"]
[Board "8"]
[WhiteElo "1816"]
[BlackElo "1659"]
[PlyCount "110"]
[WhiteFideId "12900290"]
[BlackFideId "12902195"]
[EventCountry "GER"]
[EventRounds "11"]
[EventType "swiss"]
[EventDate "2010.05.22"]

1. e4 e6 2. d4 d5 3. Nc3 Bb4 4. exd5 exd5 5. Bd3 Nc6 6. a3 Ba5 7. Nge2 Nge7 8.
O-O Bb6 9. Be3 O-O 10. Ng3 Ng6 11. Qd2 Be6 12. Rae1 Qf6 13. Nce2 Bg4 14. f3 Bd7
15. c3 Na5 16. f4 Rfe8 17. f5 Nh8 18. Bg5 Qd6 19. f6 g6 20. Bh6 c5 21. Bg7 cxd4
22. cxd4 Qe5 23. Bb1 Qe3+ 24. Qxe3 Rxe3 25. Ba2 Be6 26. Rf3 Rxf3 27. gxf3 Nc6
28. Rd1 h5 29. Kg2 h4 30. Nf1 Kh7 31. Ne3 Rd8 32. b4 a6 33. Ng4 Bxg4 34. fxg4
g5 35. h3 Ng6 36. Kf3 Kg8 37. Bh6 Rd6 38. Bxg5 Bd8 39. Ke3 Bb6 40. Rf1 Na7 41.
Rf5 Re6+ 42. Kd3 Nb5 43. Rxd5 Rxe2 44. Rxb5 Rxa2 45. Rxb6 Rxa3+ 46. Ke2 Rxh3
47. Rxb7 Rg3 48. d5 h3 49. d6 Ne5 50. Bf4 h2 51. Bxg3 h1=Q 52. Rb8+ Kh7 53.
Bxe5 Qe4+ 54. Kd2 Qxe5 55. Rb6 Qd4+ 0-1

[Event "DEM U12/U12w 2010"]
[Site "Oberhof GER"]
[Date "2010.05.24"]
[Round "4"]
[White "Donchenko, Alexander"]
[Black "Damm, Nils"]
[Result "1-0"]
[Termination "normal"]
[Board "9"]
[WhiteElo "2094"]
[BlackElo "1639"]
[PlyCount "77"]
[WhiteFideId "24603295"]
[BlackFideId "24693065"]
[EventCountry "GER"]
[EventRounds "11"]
[EventType "swiss"]
[EventDate "2010.05.22"]

1. d4 g6 2. Nf3 Bg7 3. g3 d6 4. Bg2 c6 5. O-O Bg4 6. b3 Nd7 7. Bb2 Ngf6 8. Nbd2
Qc7 9. a4 a5 10. Nc4 Nb6 11. Ncd2 Bxf3 12. Bxf3 d5 13. c4 e6 14. e3 O-O 15. Qc2
Rfe8 16. cxd5 exd5 17. Ba3 Bf8 18. Bxf8 Kxf8 19. Rfb1 Qe7 20. b4 axb4 21. Qb3
Nbd7 22. Qxb4 Qxb4 23. Rxb4 Reb8 24. Rab1 b6 25. Rc1 Rc8 26. e4 dxe4 27. Nxe4
Nd5 28. Rbc4 Ne7 29. Nd6 Rc7 30. Re1 Raa7 31. Bg2 Nf6 32. Rec1 Nfd5 33. Rb1 f5
34. Re1 Rd7 35. Re6 Nc7 36. Rf6+ Kg7 37. Rf7+ Kg8 38. Bxc6 Rxd6 39. Rxe7 1-0

[Event "DEM U12/U12w 2010"]
[Site "Oberhof GER"]
[Date "2010.05.24"]
[Round "4"]
[White "Klöckner, Connor"]
[Black "Hamid, Emran"]
[Result "1/2-1/2"]
[Termination "normal"]
[Board "10"]
[WhiteElo "1543"]
[BlackElo "1700"]
[PlyCount "43"]
[BlackFideId "12903566"]
[EventCountry "GER"]
[EventRounds "11"]
[EventType "swiss"]
[EventDate "2010.05.22"]

1. d4 d5 2. Nf3 Nf6 3. e3 Bg4 4. c4 dxc4 5. Bxc4 e6 6. Nc3 c5 7. Qb3 Bxf3 8.
gxf3 Qd7 9. dxc5 Bxc5 10. Bd2 O-O 11. O-O-O Nc6 12. Rhg1 a6 13. Ne2 b5 14. Bd3
Rac8 15. Bc3 Qe7 16. Kb1 Bb6 17. Rc1 Na5 18. Qd1 Rfd8 19. a3 Nb7 20. Rc2 Nc5
21. Rd2 Na4 22. Bb4 1/2-1/2

[Event "DEM U12/U12w 2010"]
[Site "Oberhof GER"]
[Date "2010.05.24"]
[Round "4"]
[White "Kaplun, David"]
[Black "Walter, Kevin"]
[Result "1-0"]
[Termination "normal"]
[Board "11"]
[WhiteElo "1787"]
[BlackElo "1777"]
[PlyCount "145"]
[WhiteFideId "12901954"]
[BlackFideId "12906654"]
[EventCountry "GER"]
[EventRounds "11"]
[EventType "swiss"]
[EventDate "2010.05.22"]

1. d4 Nf6 2. c4 g6 3. Nc3 d5 4. cxd5 Nxd5 5. e4 Nxc3 6. bxc3 Bg7 7. Bc4 c5 8.
Be3 O-O 9. Ne2 Qc7 10. Rc1 Nc6 11. O-O Rd8 12. Qc2 Qa5 13. Rfd1 Bd7 14. Rb1
Rab8 15. Rb5 Qc7 16. Rxc5 b6 17. Rg5 Rbc8 18. Bb3 Na5 19. h3 Nc4 20. Bxc4 Qxc4
21. Rd2 Ba4 22. Qb1 e5 23. d5 f6 24. Rg3 Bf8 25. f4 exf4 26. Bxf4 Re8 27. Nd4
Bc5 28. Kh1 Bd7 29. Bh6 Bd6 30. e5 Bf8 31. Bxf8 Kxf8 32. e6 Ba4 33. d6 Rxe6 34.
Nxe6+ Qxe6 35. Rgd3 Bd7 36. Qg1 Re8 37. Qb1 Qe1+ 38. Qxe1 Rxe1+ 39. Kh2 Ke8 40.
Rd4 Re6 41. Rc4 Kd8 42. a4 b5 43. axb5 Bxb5 44. Rb4 Bc6 45. Rb8+ Kd7 46. Rh8
Rxd6 47. Rxh7+ Ke6 48. Rxd6+ Kxd6 49. Rxa7 Kd5 50. g4 Ke5 51. Kg3 g5 52. Ra5+
Ke6 53. Ra6 Kd5 54. Rxc6 Kxc6 55. Kf3 Kd5 56. Ke3 Kc4 57. Kd2 Kc5 58. Kd3 Kd5
59. c4+ Kc5 60. Kc3 Kc6 61. Kd4 Kd6 62. c5+ Kc6 63. Kc4 Kc7 64. Kd5 Kd7 65. c6+
Kc7 66. Kc5 Kc8 67. Kd6 Kd8 68. c7+ Kc8 69. Kc6 f5 70. gxf5 g4 71. f6 gxh3 72.
f7 h2 73. f8=R# 1-0

[Event "DEM U12/U12w 2010"]
[Site "Oberhof GER"]
[Date "2010.05.24"]
[Round "4"]
[White "Mann, Johannes"]
[Black "Schwarz, Larissa"]
[Result "0-1"]
[Termination "normal"]
[Board "12"]
[WhiteElo "1657"]
[BlackElo "1526"]
[PlyCount "108"]
[WhiteFideId "24691380"]
[BlackFideId "24699004"]
[EventCountry "GER"]
[EventRounds "11"]
[EventType "swiss"]
[EventDate "2010.05.22"]

1. e4 c5 2. Nc3 e6 3. g3 Nc6 4. Bg2 a6 5. d3 Nf6 6. f4 d6 7. Nf3 Qc7 8. O-O Be7
9. h3 O-O 10. g4 Nd7 11. f5 Nde5 12. Bf4 Bf6 13. Bxe5 Nxe5 14. Nxe5 Bxe5 15. g5
Qd8 16. h4 h6 17. Qh5 Bd4+ 18. Kh1 exf5 19. exf5 hxg5 20. hxg5 Bxf5 21. Bd5 Be6
22. Rf4 Bxc3 23. Bxb7 g6 24. Qf3 Be5 25. Bxa8 Bxf4 26. Qxf4 Qxa8+ 27. Kh2 Qd8
28. Kg3 Kg7 29. Rh1 Rh8 30. Rxh8 Kxh8 31. d4 cxd4 32. Qxd4+ Kg8 33. Qf4 Qc7 34.
Qd2 d5+ 35. Kf3 Qc4 36. b3 Qe4+ 37. Kf2 Bf5 38. Kg1 Qxc2 39. Qf4 Qe4 40. Qb8+
Kg7 41. b4 Qg4+ 42. Kf2 Qxg5 43. Qe5+ Qf6 44. Qb8 Qd4+ 45. Kf3 Qe4+ 46. Kf2 d4
47. a4 d3 48. Qc7 Qe2+ 49. Kg1 d2 50. Qc3+ Kg8 51. Qxd2 Qxd2 52. b5 axb5 53.
axb5 Bh3 54. b6 Qg2# 0-1

[Event "DEM U12/U12w 2010"]
[Site "Oberhof GER"]
[Date "2010.05.24"]
[Round "4"]
[White "Schmekel, Florian"]
[Black "Wiesner, Paula"]
[Result "0-1"]
[Termination "normal"]
[Board "13"]
[WhiteElo "1523"]
[BlackElo "1863"]
[PlyCount "80"]
[WhiteFideId "12913456"]
[BlackFideId "24654019"]
[EventCountry "GER"]
[EventRounds "11"]
[EventType "swiss"]
[EventDate "2010.05.22"]

1. d4 d5 2. c4 e6 3. Nc3 Be7 4. Nf3 c6 5. cxd5 exd5 6. Bf4 Bf5 7. e3 Nf6 8. Bd3
Bxd3 9. Qxd3 Nbd7 10. O-O O-O 11. Rab1 a5 12. a3 a4 13. Qc2 Qa5 14. b4 axb3 15.
Rxb3 b5 16. Nb1 Rfc8 17. Rc3 Qa4 18. Qc1 Ra6 19. Qb2 Nb6 20. Ne5 Nc4 21. Nxc4
dxc4 22. f3 Nh5 23. Bg3 Nxg3 24. hxg3 Bf6 25. g4 c5 26. Qf2 Rd8 27. Qd2 cxd4
28. exd4 Bxd4+ 29. Kh1 Bf6 30. Re3 h6 31. Qe2 Raa8 32. Nd2 Qc2 33. Ne4 Qxe2 34.
Rxe2 Rxa3 35. Nxf6+ gxf6 36. Rb2 c3 37. Rxb5 c2 38. Rc5 Rd1 39. Kg1 Rxf1+ 40.
Kxf1 Ra1+ 0-1

[Event "DEM U12/U12w 2010"]
[Site "Oberhof GER"]
[Date "2010.05.24"]
[Round "4"]
[White "Angrick, Philipp"]
[Black "Kollars, Dmitrij"]
[Result "0-1"]
[Termination "normal"]
[Board "14"]
[WhiteElo "1528"]
[BlackElo "1611"]
[PlyCount "92"]
[WhiteFideId "12912298"]
[BlackFideId "12909572"]
[EventCountry "GER"]
[EventRounds "11"]
[EventType "swiss"]
[EventDate "2010.05.22"]

1. e4 c5 2. c3 d5 3. exd5 Qxd5 4. d4 Nf6 5. Nf3 Bg4 6. Be2 e6 7. Bf4 Nc6 8. O-O
Be7 9. Qd3 O-O 10. Na3 Rfd8 11. Nb5 Qd7 12. Ne5 Nxe5 13. Bxe5 Bxe2 14. Qxe2 a6
15. Na3 b5 16. Rfd1 Qc6 17. Rac1 Rac8 18. Nc2 h6 19. Rd3 Ne8 20. Rg3 Bf6 21.
Qh5 Bxe5 22. Qxe5 Qd6 23. Qe3 Kh7 24. Rd1 Nf6 25. Rd3 Nd5 26. Qf3 Qf4 27. Qd1
Nf6 28. Rdf3 Qe4 29. h3 cxd4 30. Nxd4 e5 31. Qc1 Qxd4 32. Rxf6 Qd1+ 33. Qxd1
Rxd1+ 34. Kh2 gxf6 35. Rf3 Rd6 36. Kg3 Rg8+ 37. Kh4 Rxg2 38. Kh5 Kg7 39. Rg3+
Rxg3 40. fxg3 e4 41. Kg4 Re6 42. h4 e3 43. c4 e2 44. cxb5 e1=Q 45. bxa6 Qe2+
46. Kf5 Qf3# 0-1

[Event "DEM U12/U12w 2010"]
[Site "Oberhof GER"]
[Date "2010.05.24"]
[Round "4"]
[White "Berkes, Alexander"]
[Black "Scheinhütte, Jakob"]
[Result "1-0"]
[Termination "normal"]
[Board "15"]
[WhiteElo "1610"]
[BlackElo "1582"]
[PlyCount "67"]
[WhiteFideId "12901636"]
[BlackFideId "24693944"]
[EventCountry "GER"]
[EventRounds "11"]
[EventType "swiss"]
[EventDate "2010.05.22"]

1. e4 e6 2. d3 c5 3. Nf3 Nc6 4. g3 d5 5. Nbd2 Nf6 6. Bg2 Be7 7. O-O O-O 8. e5
Nd7 9. Re1 Qc7 10. Qe2 b5 11. Nf1 a5 12. h4 Ba6 13. h5 h6 14. N1h2 b4 15. Bf4
a4 16. Qd2 Kh7 17. Ng4 Rh8 18. Ngh2 a3 19. bxa3 bxa3 20. g4 c4 21. d4 Bb4 22.
c3 Bf8 23. g5 Bb5 24. Nh4 hxg5 25. Bxg5 Ba4 26. Re3 Be7 27. Bxe7 Nxe7 28. Rg3
Nc6 29. Qg5 Rhg8 30. Bxd5 exd5 31. Qf5+ Kh8 32. Qxf7 Qd8 33. h6 Qf8 34. Ng6+
1-0

[Event "DEM U12/U12w 2010"]
[Site "Oberhof GER"]
[Date "2010.05.24"]
[Round "4"]
[White "Birnkraut, Tim"]
[Black "Bykov, Ilya"]
[Result "1/2-1/2"]
[Termination "normal"]
[Board "16"]
[WhiteElo "1686"]
[BlackElo "1477"]
[PlyCount "211"]
[WhiteFideId "24609587"]
[BlackFideId "12918059"]
[EventCountry "GER"]
[EventRounds "11"]
[EventType "swiss"]
[EventDate "2010.05.22"]

1. e4 c5 2. c4 Nc6 3. Ne2 d6 4. d4 cxd4 5. Nxd4 g6 6. Be2 Bg7 7. Be3 Nf6 8. Nc3
O-O 9. O-O a6 10. Qd2 Qc7 11. Rac1 Ne5 12. Nd5 Qd8 13. Nxf6+ Bxf6 14. f4 Nc6
15. b3 Bg7 16. Rfd1 Bd7 17. Nf3 Bg4 18. h3 Bxf3 19. Bxf3 Qc7 20. Kh1 Rad8 21.
Qf2 Qc8 22. Bb6 Rde8 23. Qd2 Bh6 24. Be3 Rd8 25. Kh2 Qc7 26. g3 Bg7 27. Qf2 Qc8
28. Bb6 Rde8 29. Qd2 Bh6 30. c5 dxc5 31. Qd7 Qxd7 32. Rxd7 Ne5 33. fxe5 Bxc1
34. Bxc5 Bg5 35. h4 Rc8 36. Bb4 Be3 37. Rxb7 Rb8 38. Rxb8 Rxb8 39. Bxe7 Re8 40.
Bd6 Bd4 41. Be2 Bxe5 42. Bxe5 Rxe5 43. Bxa6 Ra5 44. Bc4 Rxa2+ 45. Kh3 Kg7 46.
Kg4 h5+ 47. Kg5 f6+ 48. Kf4 Kf8 49. Bd5 Ke7 50. Bc4 Ra8 51. Bd5 Rb8 52. Bc4 Rb4
53. g4 hxg4 54. Kxg4 Kf8 55. Kf4 Kg7 56. e5 fxe5+ 57. Kxe5 Kh6 58. Kf4 Kh5 59.
Kg3 Rb8 60. Be2+ Kh6 61. Bc4 Re8 62. Kg4 Re4+ 63. Kg3 Kh5 64. Bf7 Rg4+ 65. Kh3
Rxh4+ 66. Kg3 Rb4 67. Bc4 g5 68. Bf7+ Kh6 69. Bc4 Kg6 70. Kg4 Kf6 71. Kg3 Rb8
72. Kg4 Rh8 73. Kg3 Rh4 74. Be2 Re4 75. Kf3 Rf4+ 76. Kg3 Ke5 77. Bd3 Kd4 78.
Bc4 Ke3 79. Be6 Rf1 80. Kg2 Rf6 81. Bd7 Kf4 82. b4 Rd6 83. Be8 Rd2+ 84. Kf1 g4
85. b5 g3 86. Bc6 Rb2 87. Kg1 Ke3 88. Kf1 Kf4 89. Kg1 Kg4 90. Bd7+ Kh4 91. Bc6
Rd2 92. Bb7 Rd8 93. Be4 Rb8 94. Bc6 Rc8 95. Kg2 Rc7 96. Be4 Rc4 97. Bc6 Rb4 98.
Kg1 Rb2 99. Bd7 g2 100. Kh2 Kg5 101. Bc6 Kf4 102. Bxg2 Rxb5 103. Bc6 Rg5 104.
Kh3 Rc5 105. Bb7 Rc3+ 106. Kg2 1/2-1/2

[Event "DEM U12/U12w 2010"]
[Site "Oberhof GER"]
[Date "2010.05.24"]
[Round "4"]
[White "Reimers, Juri"]
[Black "Sabirov, Ramil"]
[Result "1/2-1/2"]
[Termination "normal"]
[Board "17"]
[WhiteElo "1688"]
[BlackElo "1584"]
[PlyCount "87"]
[WhiteFideId "24661511"]
[BlackFideId "12900303"]
[EventCountry "GER"]
[EventRounds "11"]
[EventType "swiss"]
[EventDate "2010.05.22"]

1. e4 c5 2. c3 Nf6 3. e5 Nd5 4. d4 cxd4 5. Nf3 e6 6. cxd4 d6 7. Nc3 Nxc3 8.
bxc3 Nc6 9. Bf4 a6 10. Bd3 b5 11. O-O Bb7 12. Qe2 Be7 13. Rac1 d5 14. Be3 Rc8
15. Nd2 Ba3 16. Rc2 Na5 17. Nb1 Be7 18. Qg4 Bf8 19. Bg5 Qd7 20. f4 h6 21. Bh4
Nc4 22. Re2 h5 23. Qg3 g6 24. Bf6 Rh7 25. Rc1 Be7 26. Bxe7 Qxe7 27. Nd2 Qa3 28.
Nb3 a5 29. Qe1 a4 30. Nc5 Rxc5 31. dxc5 Qxc5+ 32. Qf2 Qc6 33. Qd4 Kd7 34. Bxc4
Qxc4 35. Qxc4 dxc4 36. Rd2+ Bd5 37. Rb1 Kc6 38. Rb4 a3 39. Kf2 Rh8 40. Kg3 h4+
41. Kg4 Rh5 42. Rf2 Kc5 43. Rb1 Be4 44. Rb4 1/2-1/2

[Event "DEM U12/U12w 2010"]
[Site "Oberhof GER"]
[Date "2010.05.24"]
[Round "4"]
[White "Kasel, Ronaldo"]
[Black "Zahn, Alina"]
[Result "1/2-1/2"]
[Termination "normal"]
[Board "18"]
[WhiteElo "1575"]
[BlackElo "1550"]
[PlyCount "101"]
[WhiteFideId "24660949"]
[BlackFideId "24696730"]
[EventCountry "GER"]
[EventRounds "11"]
[EventType "swiss"]
[EventDate "2010.05.22"]

1. Nf3 d5 2. d4 e6 3. c4 Nf6 4. Nc3 Nbd7 5. e3 Bb4 6. Bd2 Be7 7. Be2 dxc4 8.
Bxc4 O-O 9. O-O c6 10. Qc2 b6 11. Bd3 h6 12. Ne4 Bb7 13. Rad1 Rc8 14. Bc3 Nd5
15. Bd2 Qc7 16. a3 c5 17. Rc1 Qb8 18. Qa4 N5f6 19. Nxf6+ Nxf6 20. Ba6 Bxa6 21.
Qxa6 Ne4 22. Be1 Bd6 23. Qd3 Nf6 24. h3 cxd4 25. Rxc8 Rxc8 26. Nxd4 Rd8 27. Qa6
Rd7 28. Bc3 Nd5 29. Rc1 Qb7 30. Qxb7 Rxb7 31. Bd2 Rc7 32. Rxc7 Nxc7 33. Kf1 Kf8
34. Ke2 Ke8 35. Nc6 a5 36. Bc3 g6 37. Bg7 h5 38. Nd4 Bf8 39. Be5 Kd7 40. Kd3
Bd6 41. Bg7 Ne8 42. Bh6 Nc7 43. Bg5 e5 44. Nf3 Ke6 45. e4 f6 46. Be3 b5 47. Bb6
a4 48. Nh4 g5 49. Nf5 h4 50. Kc3 Nd5+ 51. exd5+ 1/2-1/2

[Event "DEM U12/U12w 2010"]
[Site "Oberhof GER"]
[Date "2010.05.24"]
[Round "4"]
[White "Peters, Tom"]
[Black "Wendland, Tobias"]
[Result "1-0"]
[Termination "normal"]
[Board "19"]
[WhiteElo "1551"]
[BlackElo "1630"]
[PlyCount "31"]
[WhiteFideId "24694444"]
[BlackFideId "24662267"]
[EventCountry "GER"]
[EventRounds "11"]
[EventType "swiss"]
[EventDate "2010.05.22"]

1. e4 e6 2. d4 d5 3. Nc3 Nf6 4. e5 Nfd7 5. f4 c5 6. Nf3 Nc6 7. Be3 Qb6 8. Na4
Qa5+ 9. c3 cxd4 10. b4 Qc7 11. Nxd4 Be7 12. Bd3 f6 13. Qh5+ g6 14. Bxg6+ hxg6
15. Qxg6+ Kd8 16. Nxe6# 1-0

[Event "DEM U12/U12w 2010"]
[Site "Oberhof GER"]
[Date "2010.05.24"]
[Round "4"]
[White "Baskin, Robert"]
[Black "Greif, Gavin"]
[Result "1-0"]
[Termination "normal"]
[Board "21"]
[WhiteElo "1828"]
[BlackElo "1678"]
[PlyCount "125"]
[WhiteFideId "24662402"]
[BlackFideId "24662429"]
[EventCountry "GER"]
[EventRounds "11"]
[EventType "swiss"]
[EventDate "2010.05.22"]

1. e4 e5 2. Nf3 Nc6 3. Bb5 a6 4. Ba4 Nf6 5. d3 d6 6. O-O Be7 7. c3 b5 8. Bb3
Na5 9. Bc2 c5 10. h3 O-O 11. Re1 Nc6 12. d4 Qc7 13. d5 Nd8 14. Nbd2 Nb7 15. Nf1
c4 16. Bd2 a5 17. a4 Bd7 18. axb5 Bxb5 19. Ng3 Rfb8 20. Nf5 Bf8 21. Bg5 Ne8 22.
Nd2 Nc5 23. Ne3 Nd7 24. Qe2 Nb6 25. Qf1 Rc8 26. Bd1 Ra7 27. Be2 Raa8 28. Rab1
a4 29. Bh4 Qc5 30. Bg4 Rcb8 31. Be2 Rc8 32. Nc2 Ra7 33. Kh1 Nd7 34. f3 Qc7 35.
Na3 Ba6 36. Naxc4 Nc5 37. Bf2 Be7 38. Be3 Bh4 39. Red1 Rd8 40. Na3 Bxe2 41.
Qxe2 Qe7 42. Nc2 Raa8 43. Nb4 Qf6 44. Nc4 Qg6 45. Nc6 Nf6 46. Nxd8 Nh5 47. Kg1
Rxd8 48. g4 Nf6 49. Kh2 h5 50. Rg1 hxg4 51. hxg4 Qh7 52. Bxc5 dxc5 53. Kg2 Qg6
54. Rh1 Nh5 55. Qd2 Nf4+ 56. Kf1 Bg5 57. Qh2 Bh6 58. Ne3 Kf8 59. Nf5 Ke8 60.
Nxh6 gxh6 61. Qxh6 Qxh6 62. Rxh6 Ke7 63. Ra6 1-0

[Event "DEM U12/U12w 2010"]
[Site "Oberhof GER"]
[Date "2010.05.24"]
[Round "4"]
[White "Manusina, Nicole"]
[Black "Berkov, Mikhail"]
[Result "1-0"]
[Termination "normal"]
[Board "22"]
[WhiteElo "1789"]
[BlackElo "1840"]
[PlyCount "93"]
[WhiteFideId "24657514"]
[BlackFideId "24678783"]
[EventCountry "GER"]
[EventRounds "11"]
[EventType "swiss"]
[EventDate "2010.05.22"]

1. d4 Nf6 2. c4 g6 3. Nc3 d5 4. cxd5 Nxd5 5. Nxd5 Qxd5 6. Bf4 Qa5+ 7. Qd2 Qxd2+
8. Bxd2 Bg7 9. e3 c5 10. Rc1 Be6 11. Rxc5 Bxa2 12. Bb5+ Kd8 13. Nf3 Nd7 14. Rc1
Bd5 15. O-O Bxf3 16. gxf3 Nf6 17. Bc4 e6 18. Rc2 a6 19. Rfc1 Kd7 20. Bc3 Rac8
21. Bb3 Nd5 22. Bxd5 exd5 23. Ra1 Bf8 24. Ra5 Ke6 25. e4 dxe4 26. Re2 Rg8 27.
d5+ Kd7 28. fxe4 Rc5 29. Rxc5 Bxc5 30. Kg2 Re8 31. f3 Bd6 32. h3 Be5 33. Bxe5
Rxe5 34. f4 Re8 35. Kf3 Kd6 36. Rd2 f6 37. h4 h5 38. Rg2 Rg8 39. b4 Rg7 40. Rg1
Rg8 41. Rg2 Rg7 42. Ke3 b6 43. Kd4 Ke7 44. e5 f5 45. Ra2 a5 46. bxa5 bxa5 47.
Rxa5 1-0